Tastes of Byzantium : (Record no. 602570)

MARC details
000 -LEADER
fixed length control field 00475nam a2200193 a 4500
008 - FIXED-LENGTH DATA ELEMENTS--GENERAL INFORMATION
fixed length control field 251215s2010##################000#0#eng##
020 ## - INTERNATIONAL STANDARD BOOK NUMBER
ISBN 9781848851658
082 04 - DEWEY DECIMAL CLASSIFICATION NUMBER
Classification number 641.3009495
Item number DAL
100 1# - MAIN ENTRY--AUTHOR NAME
Personal name Dalby, Andrew,
245 10 - TITLE STATEMENT
Title Tastes of Byzantium :
260 ## - PUBLICATION, DISTRIBUTION, ETC. (IMPRINT)
Name of publisher Tauris Parke Paperbacks,
Year of publication 2010.
300 ## - PHYSICAL DESCRIPTION
Number of Pages 272 pages
650 #0 - SUBJECT ADDED ENTRY--TOPICAL TERM
Topical Term History.
942 ## - ADDED ENTRY ELEMENTS (KOHA)
Koha item type English Books
Holdings
Withdrawn status Lost status Damaged status Not for loan Home library Current library Shelving location Date acquired Full call number Accession Number Price effective from Koha item type
        Anna Centenary Library Anna Centenary Library 6TH FLOOR, A WING 15.12.2025 641.3009495 DAL 335006 15.12.2025 English Books

Find us on the map